New Testament in the Language of Today. (Record no. 5895)

MARC details
000 -LEADER
fixed length control field 00610nam a2200241 a 4500
020 ## - INTERNATIONAL STANDARD BOOK NUMBER
ISBN
082 00 - DEWEY DECIMAL CLASSIFICATION NUMBER
Classification number 225.52
Author Cutter BEC
100 ## - MAIN ENTRY--AUTHOR NAME
Author name Beck, F William
245 ## - TITLE STATEMENT
Title New Testament in the Language of Today.
260 ## - PUBLICATION, DISTRIBUTION, ETC. (IMPRINT)
Place of publication Usa
Name of publisher Concordia Pub House, St. Louis
Year of publication 1963
300 ## - PHYSICAL DESCRIPTION
Number of Pages 459p
500 ## - GENERAL NOTE
General note includes index and biblioraphy
505 2# - FORMATTED CONTENTS NOTE
Formatted contents note Index
650 ## - SUBJECT ADDED ENTRY--TOPICAL TERM
Topical Term Bible-Versions-Translations
942 ## - ADDED ENTRY ELEMENTS (KOHA)
Koha item type Books
700 1# -
-- Beck, F William
Holdings
Collection code Home library Current library Date acquired Cost, normal purchase price Full call number Accession Number Koha item type
  Henry Martyn Institute Library Henry Martyn Institute Library 06/19/2007 213.75 225.52 BEC 05696 Books
                   Copyright © 2026 | Henry Martyn Institute | Hyderabad | TS-500052 | INDIA | Implemented by hmi.edu.in
Hit-Count:

Powered by Koha